000 00645nam a2200193Ia 4500
008 140429s9999 xx 000 0 und d
020 _a9781571746306
050 _aQC 16.T355
_b.A3 2003
100 _aTarg, Russell
245 _aDo you see what I see? :
_bmemoirs of a blind biker /
_cRussell Targ.
260 _aCharlottesville :
_bHampton Roads Pub. Co.,
_cc2008.
300 _a261 p. :
_bill. ;
_c23 cm.
500 _aIncludes bibliographical references and index.
521 _aGE
650 _aParapsychologists
_xUnited States --Biography.
650 _aPhysicists
_xUnited States --Biography.
942 _kFOR
_cBK
999 _c115649
_d115649